000
00292nam a2200133Ia 4500
008
231129s1968||||xx |||||||||||||| ||spa||
040
_b
spa
082
_a
909.040722 V279t
100
_a
Vansina Jan
245
0
_a
La tradicion oral
260
_c
1968
264
_a
Labor
942
_2
ddc
_c
BKS
999
_c
18351
_d
18351